| 000 | 00000nam 2200000zi 4500 |
| 001 | 9.948210 |
| 003 | CaOODSP |
| 005 | 20250821112535 |
| 006 | m o d f |
| 007 | cr mn||||||||| |
| 008 | 250220t20252025onca o f000 0 eng d |
| 020 | |a9780660758930|z9780660758947 |
| 040 | |aCaOODSP|beng|erda|cCaOODSP |
| 043 | |an-cn--- |
| 086 | 1 |aHP5-260/2025E-PDF |
| 245 | 00|aReduce the spread of infectious diseases : |bhow to properly wash your hands. |
| 264 | 1|a[Ottawa] : |bPublic Health Agency of Canada = Agence de la santé publique du Canada, |c[2025] |
| 264 | 4|c©2025 |
| 300 | |a1 online resource (1 page) : |billustrations |
| 336 | |atext|btxt|2rdacontent |
| 337 | |acomputer|bc|2rdamedia |
| 338 | |aonline resource|bcr|2rdacarrier |
| 500 | |aIssued also in French under title: Réduisez la propagation des maladies infectieuses : manière de bien se laver les mains. |
| 500 | |a"Pub.: 240877." |
| 500 | |aThe ISBN (9780660758947) printed in this publication is incorrect. |
| 650 | 0|aCommunicable diseases|zCanada|xPrevention. |
| 650 | 0|aHand washing|zCanada. |
| 650 | 0|aHand|xCare and hygiene|zCanada. |
| 655 | 7|aInfographics|2lcgft |
| 710 | 2 |aPublic Health Agency of Canada, |eissuing body. |
| 775 | 08|tRéduisez la propagation des maladies infectieuses : |w(CaOODSP)9.948211 |
| 856 | 40|qPDF|s674 KB|uhttps://publications.gc.ca/collections/collection_2025/aspc-phac/HP5-260-2025-eng.pdf |
| 856 | 4 |qHTML|sN/A|uhttps://www.canada.ca/en/public-health/services/publications/diseases-conditions/reduce-spread-infectious-diseases-wash-hands-infographic.html |
| 986 | |a240877 |